1994 1794 1164 1270 1002 1321 1360 1405 1504 1643 1865 1791 1648 1721 1907 1676 1212 1817 1205 1482 1065 1998 1304 1484 1523 1793 1613 1456 1149 1481 1191 1957 1626 1781 1860 1038 1065 1350 1437 1179 1963 1349 1556 1837 1981 1761 1474 1575 1490 1930 1618 1275 1003 1054 1460 1401 1205 1998 1555 1465 1152 1706 1943 1726 1636 1783 1623 1938 1684 1067 1225 1566 1219 1191 1398 1308 1883 1176 1295 1258 1557 1185 1099 1807 1115 1926 1342 1771 1055 1335 1619 1003 1659 1326 1081 1886 1626 1819 1193 BCNSPRNW ULIB Ver.6.0+V

เปลี่ยนเป็นภาษาไทย

Change to English
 แสดงรายละเอียดบรรณานุกรม
  กลับหน้าหลัก

Brief Record : Get Marc (ISO 2709) : E-mail record : QR code < ปิดหน้าต่าง
LEADER : 00000nam 2200000uu 4500
001    13399128444
003     ULIB
008    230828s2023||||th 000 0 tha d
020    ^a9781975171223
060 04 ^aWS421^bD489
245 00 ^aDevelopmental care of newborns and infants :^ba guide forhealth professionals /^c[edited by] Carole Kenner,Jacqueline M. McGrath
250    3rd.ed
260    ^aSt. Louis :^bMosby,^c2023
300    ^axxvii, 378 p. :^bill. ;^c23 cm.
650  2 ^aChild Development
650  2 ^aFamily
650  2 ^aIntensive Care, Neonatal^xmethods
650  2 ^aIntensive Care Units, Neonatal
650  2 ^aNeonatal Nursing^xmethods
700 1  ^aKenner, Carole,^eed.
700 1  ^aMcGrath, Jacqueline M.,^eed.
945    ^p3375^l0^i010201
999    ^aประนอม เกษจรัล
รายการนี้ยังไม่มีแท็ก
คุณยังไม่ได้ล็อกอิน คุณสามารถมีกิจกรรมร่วมกับเว็บไซต์ได้ แต่ต้องล็อกอินก่อน ::
  ล็อกอิน

รายการสื่อสารสนเทศ

ลำดับที่ ประเภท เลขเรียก/บาร์โค้ด สถานที่ สถานะ
1. วิทยาศาสตร์การแพทย์ และสุขภาพ
หนังสือสำรอง
สถานะ=หนังสือสำรอง
WS421 D489 ฉ.1 
  Barcode: 010201
ห้องสมุดวิทยาเขตสวรรค์ประชารักษ์
►หนังสือทั่วไป
บนชั้น

รายการใกล้เคียง
    หัวเรื่อง [Child Development]
    หัวเรื่อง [Family]
    หัวเรื่อง [Intensive Care Units, Neonatal]

BibComment


ยังไม่เคยถูกคอมเมนท์

คอมเมนท์ทรัพยากรรายการนี้
  คอมเมนท์: Developmental ca..


 Copyright 2026. Bcnsprnw @Library